UM Logo

Calculus for the AP course / (Record no. 22599)

MARC details
000 -LEADER
fixed length control field 00644nam a22001937a 4500
005 - DATE AND TIME OF LATEST TRANSACTION
control field 20241105135804.0
008 - FIXED-LENGTH DATA ELEMENTS--GENERAL INFORMATION
fixed length control field 241016b |||||||| |||| 00| 0 eng d
020 ## - INTERNATIONAL STANDARD BOOK NUMBER
International Standard Book Number 9781319453428
082 ## - DEWEY DECIMAL CLASSIFICATION NUMBER
Classification number DC 515 Su531 2024
100 ## - MAIN ENTRY--PERSONAL NAME
Personal name Sullivan, Michael.
9 (RLIN) 63020
245 ## - TITLE STATEMENT
Title Calculus for the AP course /
Statement of responsibility, etc. Michael Sullivan and Kathleen Miranda.
250 ## - EDITION STATEMENT
Edition statement Fourth edition.
260 ## - PUBLICATION, DISTRIBUTION, ETC. (IMPRINT)
Place of publication, distribution, etc. New York :
Name of publisher, distributor, etc. Bedford, Freeman & Worth,
Date of publication, distribution, etc. ©2024.
300 ## - PHYSICAL DESCRIPTION
Extent xxix, 1062 :
Other physical details illustrations (some color) ;
Dimensions 28 cm.
500 ## - GENERAL NOTE
General note includes appendices and index.
650 #0 - SUBJECT ADDED ENTRY--TOPICAL TERM
Topical term or geographic name as entry element Calculus.
9 (RLIN) 1222
700 ## - ADDED ENTRY--PERSONAL NAME
Personal name Miranda, Kathleen.
9 (RLIN) 63021
Relator term author.
942 ## - ADDED ENTRY ELEMENTS (KOHA)
Source of classification or shelving scheme Dewey Decimal Classification
Koha item type Circulation
Holdings
Withdrawn status Lost status Source of classification or shelving scheme Damaged status Not for loan Collection code Home library Current library Date acquired Source of acquisition Cost, normal purchase price Total Checkouts Full call number Barcode Date last seen Price effective from Koha item type
    Dewey Decimal Classification     Circulation UM Digos College - LIC UM Digos College - LIC 08/20/2024 Purchased 10030.00   DC 515 Su531 2024 28269 05/15/2025 10/16/2024 Circulation